000 00513nam a22001577a 4500
003 OSt
005 20151118092550.0
008 151118b xxu||||| |||| 00| 0 eng d
040 _cRUA
082 _aFIS ពេជ 1993 B152 Or.1
100 _93834
_aពេជ សុភិន
245 _aការធ្វើនេសាទគ្រួសារនៅស្រុកបូរីជលសារខេត្តតាកែវ
260 _aPhnom Penh
_bRUA
_c1993
300 _a97p.
_bill.
_c29cm.
942 _2ddc
_cFIS
999 _c3566
_d3566